Célébrités de 1940 par images - Statistiques

Statistiques générales
  • Ce quiz a été pris 310 fois
  • Le résultat moyen est 6 sur 20
Statistiques - réponses
Par images Réponse % Correct
Charles de Gaulle
92%
Louis Armstrong
88%
Mohandas Gandhi
84%
Winston Churchill
79%
Harry S Truman
36%
Fred Astaire
34%
Clark Gable
24%
Groucho Marx
23%
Humphrey Bogart
20%
Katharine Hepburn
19%
Douglas MacArthur
17%
James Stewart
17%
Jawaharlal Nehru
17%
Ingrid Bergman
15%
Judy Garland
13%
Lauren Bacall
12%
Spencer Tracy
10%
Eleanor Roosevelt
7%
Bob Hope
2%
Carmen Miranda
1%
Aucun quiz correspondant
Distribution des résultats
% des personnes avec chaque résultat
Percentile par nombre de réponses
Votre historique - résultats
Vous n’avez pas pris ce quiz